INFORMATION MARKETS (Record no. 27273)

000 -LEADER
fixed length control field 00304nam a2200133Ia 4500
008 - FIXED-LENGTH DATA ELEMENTS--GENERAL INFORMATION
fixed length control field 200615s9999||||xx |||||||||||||| ||und||
082 ## - DEWEY DECIMAL CLASSIFICATION NUMBER
Classification number 650
Item number INF-W
100 ## - MAIN ENTRY--PERSONAL NAME
Personal name WILHELM,WILLIAM J
245 #0 - TITLE STATEMENT
Title INFORMATION MARKETS
250 ## - EDITION STATEMENT
Edition statement 1ST
260 ## - PUBLICATION, DISTRIBUTION, ETC.
Place of publication, distribution, etc. New Delhi
Name of publisher, distributor, etc. BOSTON
Date of publication, distribution, etc. 2018
300 ## - PHYSICAL DESCRIPTION
Extent 217
942 ## - ADDED ENTRY ELEMENTS (KOHA)
Koha item type Book
Holdings
Withdrawn status Lost status Source of classification or shelving scheme Damaged status Not for loan Collection code Permanent Location Current Location Shelving location Date acquired Total Checkouts Full call number Barcode Date last seen Price effective from Koha item type
          School of Management Maharishi School of Business & Management (Lucknow) Maharishi School of Business & Management (Lucknow) R67S3 2020-06-15   658 SOM0833 2020-06-15 2020-06-15 Reference Book

All Rights Reserved@MUIT

Powered by Koha